Lyrics and More - Statistics

General Stats
  • This quiz has been taken 2 times
  • The average score is 15 of 20
Answer Stats
Question Answer % Correct
"Uh, Nice watch.." A Tale of 2 Citiez
100%
"Take your time, get your light (Yeah)" FE!N
100%
"I can dig rapping, but a rapper with a ghost writer?" King Kunta
100%
"I have buzz bigger than insects in Texas" Last Call
100%
"Aint no way, Ain't no fucking way" Mask off
100%
"I look at him and wish your grandpa would've wore a condom" Meet the Grahams
100%
"I'm red leather, this cocaine, I'm Rick James, hoe" Mercy
100%
"I'm on a flight now (woo), we so high Oh My Dis Side
100%
"But stay woke" Redbone
100%
"Took a church visit, you know 'cause the world hectic SKELETONS
100%
"Got a beach house I can sell you in Idaho" Thinkin Bout you
100%
"Cherry red chariot, excess is just my character.." Devil in a New Dress
50%
"My text go to your screen you know better than that" Heartbeat
50%
"I'm just saying you could do better" Marvins room
50%
"Took Chances, slow dance with the devil bitch" Miss America
50%
"I was in top with no service, watch as they all playin' verses" SIRENS
50%
"how can Kids eat up these albums like Valiums?" The Real Slim Shady
50%
"My god, I wanna be in that scene" Tyler Herro
50%
"Who the fuck picked this lil sorry ah beat" XXL 2016
50%
"When I say the greatest I ain't talking about later" Rap devil
0%
No matching quizzes found
Score Distribution
Percent of People with Each Score
Percentile by Number Answered
Your Score History
You have not taken this quiz